Normal view
MARC view
- Yorkey, Mike.
Entry Personal Name
001 - CONTROL NUMBER
- control field: 34723
003 - CONTROL NUMBER IDENTIFIER
- control field: OSt
005 - DATE AND TIME OF LATEST TRANSACTION
- control field: 20110823145859.0
008 - FIXED-LENGTH DATA ELEMENTS
- fixed length control field: 110823|||a|||||| | ||| d
040 ## - CATALOGING SOURCE
- Original cataloging agency: OSt
- Transcribing agency: OSt
100 ## - HEADING--PERSONAL NAME
- Personal name: Yorkey, Mike.
670 ## - SOURCE DATA FOUND
- Source citation: Work cat.: (OSt)0: Arterburn, Stephen, 1953- 34717, Every young man's battle :, 2002.
670 ## - SOURCE DATA FOUND
- Source citation: Work cat.: (OSt)0: Arterburn, Stephen, 1953- 34717, Every young man's battle :, 2002.